cesarstwo niemieckie - Statystyki

Ogólne statystyki
  • Ten quiz został rozwiązany 69 razy
    67 od ostatniego zresetowania
  • Średni wynik to 7 z 19
Statystyki odpowiedzi
Hint ODPOWIEDŹ % Poprawnych
CZĘŚĆ Polska
91%
Kłajpeda Litwa
88%
część Francja
77%
część Belgia
72%
część Dania
68%
połowe Papua nowa Gwinea
47%
CZĘŚĆ CZECHY
46%
Kamerun
46%
Namibia
46%
Tanzania
46%
togo
40%
CZĘŚĆ CHINY
26%
wyspa wyspy marshalla
21%
wyspa Samoa
18%
CZĘŚĆ RŚA
7%
wyspa karoliny
5%
część CZAD
4%
wyspa archipelag bismarcka
2%
wyspa tsiantago
0%
Nie znaleziono quizów pasujących do podanych kryteriów
Rozkład punktacji
Procent ludzi z każdym wynikiem
Percentyl według liczby udzielonych odpowiedzi
Twoja historia wyników
Nie rozwiązałeś tego quizu od ostatniego zresetowania